L'Alta Anoia : Castellano - Français Castellano - Français
MARC
| LEADER | 00000nam a2200000Ia 4500 | ||
|---|---|---|---|
| 001 | 22067 | ||
| 008 | 160829s2007 xx 000 0 cat d | ||
| 710 | 1 | |a Barcelona (Catalunya : Província). |b Diputació |9 52408 | |
| 952 | |0 0 |1 0 |4 0 |6 FU4957 |7 1 |9 49037 |a Arxiu |b Arxiu |d 2016-12-01 |l 0 |o FU-49-57 |p 22067 |r 2016-12-01 00:00:00 |w 2016-12-01 |y ARXIU | ||
| 952 | |0 0 |1 0 |4 0 |5 0 |6 OTT_F00302212007 |7 1 |8 Paper |9 59177 |a TURISME |b TURISME |d 2018-07-27 |l 0 |o OTT F.003.02-21(2007) |p TURISME18070771 |r 2018-07-27 00:00:00 |t 1 |w 2018-07-27 |y TRIPTIC-F | ||
| 999 | |c 52873 |d 52873 | ||
| 080 | |a FU-49-57 | ||
| 245 | |a L'Alta Anoia : |b Castellano - Français | ||
| 260 | |a Barcelona : |b Diputació de Barcelona, Consorci per a la Promoció Turística de l'Alta Anoia, |c 2007 | ||
| 300 | |a 1 f. plegat en 4 parts : |b il. col., fot., map. ; |c 25 cm pleg. (52 x 79 cm despleg.) | ||
| 490 | 1 | |a Turisme Total | |
| 590 | |a Conté un mapa de la zona. | ||
| 590 | |a A la portada: Turisme Total. | ||
| 590 | |a Text en castellà i francès. | ||
| 590 | |a Hi ha un exemplar en català i anglès amb R. 19961 | ||
| 650 | |a Alta Anoia |x Guies |9 38899 | ||
| 650 | 0 | |a Turisme |z Barcelona (Província) |v Guies |9 31526 | |
| 650 | 0 | |a Turisme rural |9 21880 |2 Arxiu | |
| 651 | 0 | |a Barcelona (Catalunya : Província) |9 50918 | |
| 651 | 0 | |9 50646 |a Alta Anoia | |
| 700 | |a Consorci per a la Promoció Turística de l'Alta Anoia |9 26170 | ||
| 830 | 1 | |a Turisme Total |9 51395 | |
| 901 | |a Arxiu | ||
| 942 | |n 1 |2 udc | ||